Basic inorganic chemistry (Record no. 1306)

MARC details
000 -LEADER
fixed length control field 00430 a2200181 4500
001 - CONTROL NUMBER
control field 067399
003 - CONTROL NUMBER IDENTIFIER
control field OSt
005 - DATE AND TIME OF LATEST TRANSACTION
control field 20211203110905.0
008 - FIXED-LENGTH DATA ELEMENTS--GENERAL INFORMATION
fixed length control field
082 ## - DEWEY DECIMAL CLASSIFICATION NUMBER
Classification number 546
Item number W65B
100 1# - MAIN ENTRY--PERSONAL NAME
Personal name Wilkinson, G.
245 1# - TITLE STATEMENT
Title Basic inorganic chemistry
Statement of responsibility, etc by G. Wilkinson
260 ## - PUBLICATION, DISTRIBUTION, ETC. (IMPRINT)
Place of publication, distribution, etc India
Name of publisher, distributor, etc Wiley
Date of publication, distribution, etc 2007
300 ## - PHYSICAL DESCRIPTION
Extent 338p.
653 ## - INDEX TERM--UNCONTROLLED
Uncontrolled term Chemistry, Inorganic
700 ## - ADDED ENTRY--PERSONAL NAME
Personal name Gaus, P.L.
942 ## - ADDED ENTRY ELEMENTS (KOHA)
Source of classification or shelving scheme Dewey Decimal Classification
Koha item type Books
Holdings
Withdrawn status Lost status Source of classification or shelving scheme Damaged status Not for loan Collection code Home library Current library Date acquired Source of acquisition Cost, normal purchase price Full call number Barcode Date last seen Price effective from Koha item type
    Dewey Decimal Classification     General Text Book Central University Of Rajasthan Central University Of Rajasthan 07/03/2012 CHM 459.00 546 W65B 1685 21/11/2024 02/09/2020 Books